Catálogo
Digital

Catálogo
Digital

Ecuador Debate N°76. La Cuestión de la Vivienda Hoy (Record no. 13508)

MARC details
000 -CABECERA
campo de control de longitud fija 02303nam a2200373 4500
003 - IDENTIFICADOR DEL NÚMERO DE CONTROL
campo de control EC-UNACH
005 - FECHA Y HORA DE LA ÚLTIMA TRANSACCIÓN
campo de control 20250512164437.0
006 - CÓDIGOS DE INFORMACIÓN DE LONGITUD FIJA--CARACTERÍSTICAS DEL MATERIAL ADICIONAL
campo de control de longitud fija s||||gr|||| 00| 00
008 - DATOS DE LONGITUD FIJA--INFORMACIÓN GENERAL
campo de control de longitud fija 150116t9999 mx r gr 000 0 spa d
020 ## - NÚMERO INTERNACIONAL ESTÁNDAR DEL LIBRO
Número Internacional Estándar del Libro 10121498
040 ## - FUENTE DE LA CATALOGACIÓN
Centro catalogador/agencia de origen EC-UNACH
Centro/agencia transcriptor EC-UNACH
041 ## - CÓDIGO DE LENGUA
Código de lengua del texto/banda sonora o título independiente spa
082 04 - NÚMERO DE LA CLASIFICACIÓN DECIMAL DEWEY
Número de edición 23
Número de clasificación 300
Número de documento/Ítem L017730
110 ## - ENTRADA PRINCIPAL--NOMBRE DE ENTIDAD CORPORATIVA
Nombre de entidad corporativa o nombre de jurisdicción como elemento de entrada Centro Andino de Acción Popular (CAAP)
245 ## - MENCIÓN DE TÍTULO
Título Ecuador Debate N°76. La Cuestión de la Vivienda Hoy
250 ## - MENCIÓN DE EDICIÓN
Mención de edición Primera edición
264 ## - Producción, publicación, distribución, fabricación y copyright
Lugar de producción, publicación, distribución, fabricación Quito - Ecuador
Nombre del de productor, editor, distribuidor, fabricante CAAP
Fecha de de producción, publicación, distribución, fabricación o copyright 2009
300 ## - DESCRIPCIÓN FÍSICA
Extensión 220 páginas
Otras características físicas Tablas, Cuadros
Dimensiones 14,5 X 21 cm
505 ## - NOTA DE CONTENIDO CON FORMATO
Nota de contenido con formato COYUNTURA.- Diálogo sobre la coyuntura: Predominio de Alianza País, incertidumbre económica y fragmentación política. Conflictividad socio-política: Noviembre 2008 - Febrero 2009.-- TEMA CENTRAL.- Dolarización y generación de vivienda formal: su lectura en Ecuador. La vivienda en Cuba. Reflexiones en torno a un problema pendiente. Idas y vueltas: el derrotero de las políticas descentralizadas de producción de vivienda social en las principales áreas metropolitanas de Argentina. La gestión de la vivienda social en el Ecuador: entre la espada y la pared. El efecto Mi vivienda: política de vivienda para la clase media y diferenciación social. Costa Rica: contradicciones alrededor de la ciudad y la vivienda. La lucha por la vivienda social en las áreas centrales: el caso de São Paulo. -- DEBATE AGRARIO-RURAL.- 30 años después: una reflexión sobre los estudios rurales y agrarios en Ecuador.—ANÁLISIS.- Entre el populismo autoritario y la preservación de valores ancestrales: la identidad boliviana como consciencia de una crisis histórica. La mujer y el trabajo en Chile, una realidad desafiante. -- RESEÑAS.- Veintiocho de Mayo de 1944: una democracia fallida.
650 ## - PUNTO DE ACCESO ADICIONAL DE MATERIA--TÉRMINO DE MATERIA
Término de materia o nombre geográfico como elemento inicial ALIANZA PAÍS
650 ## - PUNTO DE ACCESO ADICIONAL DE MATERIA--TÉRMINO DE MATERIA
Término de materia o nombre geográfico como elemento inicial CONFLICTIVIDAD SOCIO-POLÍTICA
650 ## - PUNTO DE ACCESO ADICIONAL DE MATERIA--TÉRMINO DE MATERIA
Término de materia o nombre geográfico como elemento inicial VIVIENDA SOCIAL
650 ## - PUNTO DE ACCESO ADICIONAL DE MATERIA--TÉRMINO DE MATERIA
Término de materia o nombre geográfico como elemento inicial ESTUDIOS RURALES Y AGRARIOS
650 ## - PUNTO DE ACCESO ADICIONAL DE MATERIA--TÉRMINO DE MATERIA
Término de materia o nombre geográfico como elemento inicial POPULISMO AUTORITARIO
700 ## - PUNTO DE ACCESO ADICIONAL--NOMBRE DE PERSONA
Nombre de persona Ospina, Oscar
700 ## - PUNTO DE ACCESO ADICIONAL--NOMBRE DE PERSONA
Nombre de persona Acosta, María Elena
700 ## - PUNTO DE ACCESO ADICIONAL--NOMBRE DE PERSONA
Nombre de persona Chiriboga Manuel
700 ## - PUNTO DE ACCESO ADICIONAL--NOMBRE DE PERSONA
Nombre de persona Weisser Soto, Bernardita
942 ## - ELEMENTOS DE PUNTO DE ACCESO ADICIONAL (KOHA)
Fuente del sistema de clasificación o colocación Clasificación Decimal Dewey
Tipo de ítem Koha Libros
999 ## - NÚMEROS DE CONTROL DE SISTEMA (KOHA)
Koha biblionumber 13508
Holdings
Estado de pérdida Fuente del sistema de clasificación o colocación Estado dañado No para préstamo Localización permanente Ubicación/localización actual Ubicación en estantería Fecha de adquisición Fuente de adquisición Número de inventario Total de préstamos Signatura topográfica completa Código de barras Fecha visto por última vez Precio válido a partir de Tipo de ítem Koha Centro de costos
  Clasificación Decimal Dewey     Biblioteca Campus Norte Biblioteca Campus Norte Facultad de Ciencias Políticas y Administrativas - Generalidades 11/04/2025 Donación CAAP 39686961   300 CEN L017730 L017730 11/04/2025 11/04/2025 Libros  

Powered by Koha